[Event "Wloclawek-ch"]
[Site "Wloclawek"]
[Date "2011.??.??"]
[Round "3"]
[White "Kuzminski, Adam"]
[Black "Wieckowska, Oliwia"]
[Result "1-0"]
[WhiteElo "1400"]
[BlackElo "1100"]
[PlyCount "35"]
[EventDate "2011.05.??"]
[EventType "swiss"]
[EventRounds "9"]
[EventCountry "POL"]
[SourceTitle "EXT 2021"]
[Source "ChessBase"]
[SourceDate "2020.10.23"]
[SourceVersion "1"]
[SourceVersionDate "2020.10.23"]
[SourceQuality "1"]

1. d4 d5 2. Nf3 Nf6 3. e3 Bg4 4. Nbd2 e6 5. Bd3 Bb4 6. c3 Ba5 7. 0-0 0-0 8. Re1 Re8 9. e4 Nc6 10. Qc2 Qe7 11. e5 Nd7 12. Bxh7+ Kh8 13. Bd3 Nb6 14. Nb3 Rad8 15. Be2 Rd7 16. Ng5 f5 17. Bxg4 fxg4 18. Qh7# 1-0